Informačný systém predaja automobilov : Bakalárska práca

Guardado en:
Detalles Bibliográficos
Autor principal: Balogová, Andrea (Autor)
Otros Autores: Nemlaha, Eduard, 1969- (xxx)
Formato: Manuscrito Libro
Lenguaje:eslovaco
Publicado: Trnava : STU v Bratislave MtF KAIA, 2004
Materias:
Etiquetas: Agregar Etiqueta
Sin Etiquetas, Sea el primero en etiquetar este registro!

MARC

LEADER 00000ntm a22000003a 4500
001 stu91560
005 20160719154639.5
008 041112s2004----xo------------------slo-d
040 |a STU  |b slo 
041 0 |a slo 
044 |a xo 
100 1 |a Balogová, Andrea  |4 aut 
245 1 |a Informačný systém predaja automobilov :  |b Bakalárska práca 
260 |a Trnava :  |b STU v Bratislave MtF KAIA,  |c 2004 
300 |a 32 s  |c príl (1 CD) 
650 7 |a aplikovaná informatika a automatizácia v priemysle  |2 stusub 
650 7 |a informačné systémy  |2 stusub 
700 1 |a Nemlaha, Eduard,  |d 1969-  |4 xxx  |u M6000  |U MTF Materiálovotechnologická fakulta  |T MTF Ústav aplikovanej informatiky, automatizácie a matematiky  |X 2759  |U M6000  |Y 86  |7 A000002759 
996 |b 284M042310  |c M*BP-1026  |l MMSKP  |s P  |a 0  |w stu91560_0001